[Event "WchT 10th"]
[Site "Tsaghkadzor"]
[Date "2015.04.28"]
[Round "9.4"]
[White "Sengupta, Deep"]
[Black "Wei, Yi"]
[Result "0-1"]
[WhiteElo "2567"]
[BlackElo "2706"]
[Annotator "Szabo,Kr"]
[PlyCount "86"]
[EventDate "2015.04.19"]
[EventType "team-tourn"]
[EventRounds "9"]
[EventCountry "ARM"]
[SourceTitle "CBM 166"]
[Source "ChessBase"]
[SourceDate "2015.05.11"]
[SourceVersion "1"]
[SourceVersionDate "2015.05.11"]
[SourceQuality "1"]
[WhiteTeam "India"]
[BlackTeam "China"]
[WhiteTeamCountry "IND"]
[BlackTeamCountry "CHN"]

1. e4 e5 2. Nf3 Nc6 3. Bb5 a6 4. Ba4 Nf6 5. O-O Nxe4 6. d4 b5 7. Bb3 d5 8. dxe5
Be6 9. c3 Be7 10. Nbd2 Nc5 11. Bc2 d4 {This line has become very popular
nowadays.} (11... Bg4 {is the another main move.}) 12. Nb3 d3 13. Bb1 Nxb3 14.
axb3 Bf5 15. Bf4 {A quite rare move.} (15. Be3 {is much more popular, from
where the B usually goes to d4.}) 15... O-O $146 {Novelty by Wei Yi.} ({
2 years ago} 15... Qd5 {was tried,} 16. Re1 O-O 17. b4 (17. Ba2 $6 b4 18. Nd2
Nd8 19. Be3 f6 20. exf6 Bxf6 $15 {D.Howell-Berry, England 2013, and Black has
wonderful activity.}) 17... Rfe8 18. h3 $14 {and White is slightly better.}) ({
or even} 15... Qd7 16. Qd2 O-O 17. Rd1 Rfd8 18. Ne1 Qe6 19. Nxd3 Bxd3 20. Bxd3
Nxe5 21. Bxe5 Qxe5 22. Re1 Qd6 {1/2 Fenwick-Anderson, corr 2013.}) 16. Ne1 Qd5
17. Bxd3 Bxd3 18. Qxd3 Qxb3 19. Qf3 $6 {A dubious move, which loses a tempo
and he blocks the important f3-square from his N.} (19. Nf3 $1 {should have
played} Rfd8 20. Qe4 Qe6 21. Rfc1 $1 {and he prepares for Nd4 with a balanced
middlegame.}) 19... Qe6 20. Nd3 Rfd8 21. Rad1 ({Probably} 21. Rfd1 $142 {
was more accurate,} Rd7 22. Ne1 $11 {and White simplifies the position.}) 21...
Rd7 $1 {The right plan. Black immediately starts to double on the d-file.} 22.
Rde1 $2 {A mistake, which simply loses an important tempo, moreover White
leaves the d-file too.} (22. Nb4 {was interesting to take advantage of the
unprotected a8 R,} Bxb4 23. Rxd7 Qxd7 24. Rd1 Qe8 25. cxb4 Nxb4 {and although
Black is a P up, White has some chance to equalise.}) 22... Rad8 23. Nc1 Na5
24. Ne2 Nb3 25. Qg3 c5 {Suddenly Black has become very active on the queenside.
His Rs are very strong on the d-file, his N is unpleasant on b3 and his Ps are
ready to advance.} 26. Kh1 Nd2 27. Bxd2 Rxd2 28. Nf4 Qf5 29. b3 c4 {This is a
little bit impatient, but after this move still Black keeps his advantage.} ({
The natural} 29... h6 $1 $17 {was the best move to open the back rank. Now
White is faced with a lot of threats.}) 30. bxc4 bxc4 31. h4 $6 {An inaccuracy,
which involves a weakness with this P.} (31. Ne2 {was more solid,} Bc5 32. Qh4
Qxe5 33. Qxc4 {and White is not yet without all hope.}) 31... a5 32. h5 $2 {
Too optimistic, but White's situation was already difficult.} (32. Ra1 {
was tougher,} h6 33. Rxa5 Rd1 34. Ra1 Rxf1+ 35. Rxf1 Bc5 $1 {A very nice
cool-headed reply!} (35... Qxe5 $2 36. Ng6 $1) 36. Re1 Rd2 $17 {and Black is
better.}) 32... a4 33. h6 Bg5 34. Nh3 R2d3 35. f3 Bxh6 $19 {Black is a healthy
P up and his pieces are active, White's situation is hopeless.} 36. Qh4 Bd2 37.
Re2 Bxc3 38. e6 fxe6 39. Qxc4 a3 40. Nf2 Rd2 41. Rfe1 Rxe2 42. Rxe2 Be5 43. Qb3
Rb8 0-1

[Event "George Marx Memorial 4th"]
[Site "Paks"]
[Date "2006.07.29"]
[Round "2"]
[White "Almasi, Zoltan"]
[Black "Acs, Peter"]
[Result "1/2-1/2"]
[WhiteElo "2672"]
[BlackElo "2520"]
[Annotator "Szabo,Kr"]
[PlyCount "83"]
[EventDate "2006.07.28"]
[EventType "tourn"]
[EventRounds "10"]
[EventCountry "HUN"]
[EventCategory "15"]
[SourceTitle "CBM 113 Extra"]
[Source "ChessBase"]
[SourceDate "2006.09.14"]
[SourceVersion "1"]
[SourceVersionDate "2006.09.14"]
[SourceQuality "1"]

1. e4 e5 2. Nf3 Nc6 3. Bb5 a6 4. Ba4 Nf6 5. O-O Nxe4 6. d4 b5 7. Bb3 d5 8. dxe5
Be6 9. c3 Nc5 10. Bc2 Be7 11. Be3 Nd7 12. Re1 Ndxe5 13. Nxe5 Nxe5 14. Bd4 f6 (
14... Ng6) 15. Bxe5 fxe5 16. Rxe5 (16. Qh5+ Bf7 17. Qxe5 Kf8 18. Nd2 $14) 16...
Bf7 17. Qe2 Kf8 18. Nd2 Bf6 19. Re3 g6 20. Nf3 Kg7 21. Ne5 Bxe5 22. Rxe5 Qf6
23. Qe3 (23. f4 Rhe8 (23... Qxf4 $2 24. Rf1 Qc4 25. Qf2 Raf8 26. Re7 $18) 24.
Qe3 c5 {- 23.Qe3}) 23... c5 24. f4 (24. Re1 Rhe8 25. f4 Rad8 $13 {/\ d4}) 24...
Rac8 (24... Rhe8 25. Qxc5 Qxf4 26. Rxe8 Rxe8 27. Rf1 Qe3+ (27... Qd2 28. Qa7
Qe3+ 29. Qxe3 {- 27...Qe3}) 28. Qxe3 Rxe3 29. Kf2 $14) 25. Bb3 Rhd8 26. Rd1 $6
(26. Qf2 d4 27. Bxf7 Qxf7 28. Rae1 Rd7 $132) 26... d4 27. cxd4 Bxb3 (27... cxd4
$5) 28. axb3 cxd4 29. Qd3 (29. Rxd4 Rxd4 30. Qxd4 Rc1+ 31. Kf2 Qh4+ 32. g3
Qxh2+ 33. Kf3 Qh1+ 34. Kg4 Kh6 $11) (29. Qe4 d3 $132) 29... Qxf4 30. Re7+ Kh8
31. Re4 (31. Qh3 $2 h6 32. Rf1 Rc1 $1 $19) 31... Qd6 32. h3 Rc7 33. Rxd4 Qxd4+
34. Qxd4+ Rxd4 35. Rxd4 Rc2 36. Rd6 Rxb2 37. Rxa6 Rxb3 38. Rb6 g5 39. Rb7 h5
40. Kf2 h4 41. Rd7 b4 42. Rb7 1/2-1/2

[Event "Marlboro Chess Classic"]
[Site "Manila"]
[Date "1977.10.30"]
[Round "8"]
[White "Torre, Eugenio"]
[Black "Tarjan, James Edward"]
[Result "0-1"]
[WhiteElo "2550"]
[BlackElo "2495"]
[Annotator "Tarjan,J"]
[PlyCount "102"]
[EventDate "1977.10.22"]
[EventType "tourn"]
[EventRounds "13"]
[EventCountry "PHI"]
[EventCategory "6"]
[SourceTitle "EXT 2004"]
[Source "ChessBase"]
[SourceDate "2003.11.25"]
[SourceVersion "1"]
[SourceVersionDate "2003.11.25"]
[SourceQuality "1"]

1. e4 e5 2. Nf3 Nc6 3. Bb5 a6 4. Ba4 Nf6 5. O-O Nxe4 6. d4 b5 7. Bb3 d5 8. dxe5
Be6 9. c3 Be7 10. Nbd2 O-O 11. Bc2 f5 12. exf6 Nxf6 13. Nb3 Bg4 14. Qd3 Ne4 15.
Nbd4 Nxd4 16. Nxd4 Bd6 17. Ne2 (17. h3 $5 Qh4 18. Nxb5 Nxf2 19. Bg5 Nxd3 20.
Bxh4 axb5 21. Bxd3 Bd7 $11 {Ragozin-Ravinsky, Moscow 1947}) 17... c6 (17...
Bxh2+ $6 18. Kxh2 Rxf2 $11) 18. f3 Qh4 (18... Qc7 $2 19. Be3 $1 {[%cal Ya1f1]}
Bxh2+ 20. Kh1 $16) 19. g3 Qh3 20. Nf4 (20. Bf4 $1 Bf5 21. fxe4 Bxe4 22. Qxe4
dxe4 23. Bxd6 $14) 20... Bc5+ 21. Be3 Rxf4 22. Bxc5 (22. fxg4 $142 Bxe3+ 23.
Qxe3 Rxg4 24. Qf3 $15) 22... Nxc5 23. Qe3 Rxf3 24. Rxf3 Bxf3 25. Qxf3 Re8 26.
Rf1 Qe6 27. Bf5 Qe3+ 28. Qxe3 Rxe3 29. Bg4 a5 30. b4 axb4 31. cxb4 Nd3 32. a3
g6 33. Ra1 Ne5 34. Be6+ Kf8 35. a4 bxa4 36. Rxa4 d4 37. Ra2 Nd3 38. Rd2 Ne5 (
38... Nxb4 $144 39. Rxd4 Rxe6 40. Rxb4 $19) 39. Kf2 Ke7 40. Bg8 Rd3 41. Re2 Kd6
42. Re4 Rd2+ 43. Kf1 h6 44. h4 g5 45. hxg5 hxg5 46. Bb3 d3 47. Bc4 Rb2 48. Bg8
(48. Bxd3 $142 $1 Nxd3 49. Rd4+ Ke5 50. Rxd3 Rxb4 $17) 48... Nf3 49. Re3 Rb1+
50. Kf2 d2 51. Rd3+ Ke5 0-1

[Event "Altensteig"]
[Site "Altensteig"]
[Date "1995.??.??"]
[Round "2"]
[White "Hracek, Zbynek"]
[Black "Slobodjan, Roman"]
[Result "1-0"]
[WhiteElo "2635"]
[BlackElo "2500"]
[Annotator "Wedberg,T"]
[PlyCount "159"]
[EventDate "1995.08.??"]
[EventType "tourn"]
[EventRounds "11"]
[EventCountry "GER"]
[EventCategory "12"]
[SourceTitle "CBM 049"]
[Source "ChessBase"]
[SourceDate "1995.12.01"]
[SourceVersion "1"]
[SourceVersionDate "1995.12.01"]
[SourceQuality "1"]

1. e4 e5 2. Nf3 Nc6 3. Bb5 a6 4. Ba4 Nf6 5. O-O Nxe4 6. d4 b5 7. Bb3 d5 8. dxe5
Be6 9. Be3 Be7 10. c3 Qd7 11. Nbd2 Nc5 (11... Rd8 12. Re1 (12. h3 O-O (12...
Nxd2 13. Qxd2 Na5 14. Bg5 c5 15. Rfe1 Nc6 16. Rad1 h6 17. Bxe7 Qxe7 18. Bc2 $14
{Short,N-Ljubojevic,L/Linares/1989}) 13. Bc2 f5 14. exf6 Nxf6 15. Qb1 h6 16.
Re1 Nh5 17. Qd1 Nf4 18. Bxf4 Rxf4 $10 {Al Modiahki,M-Milos,G/Moscow olm/1994})
12... Nxd2 (12... O-O 13. Bc2 Nxd2 (13... f5 14. exf6 Nxf6 15. Ng5 Bf5 16. Bf4
Bc5 17. Nb3 Bxf2+ 18. Kxf2 Bxc2 19. Qxc2 Ne4+ 20. Nxe4 Rxf4+ 21. Kg1 dxe4 22.
Rxe4 Qf5 23. Re2 Qxc2 {1/2-1/2 Khalifman,A-Hjartarson,J/Luzern WchT/1993}) (
13... Bf5 14. Nb3 Bg6 15. h3 Kh8 16. Rc1 Bh5 17. Bd4 Ng5 $13 {Ghinda,M-Musat,A/
Odorheiu Secuiesc op/1993}) 14. Qxd2 Bf5 15. Rad1 (15. Bxf5 Qxf5 16. Nd4 Nxd4
17. cxd4 c5 18. dxc5 d4 $15 {Kharlov,A-Krasenkov,M/Rostov op/1993}) 15... Rfe8
16. h3 h6 (16... Qe6 17. Bg5 Bxc2 18. Qxc2 Qg6 19. Qxg6 hxg6 20. Bf4 Bc5 21.
Nd4 Nxd4 22. cxd4 Bb6 $10 {Dolmatov,S-Yusupov,A/Wijk cm1/1991}) 17. Bf4 Bf8 18.
Bg3 Bxc2 19. Qxc2 Qe6 20. Nd4 Nxd4 21. cxd4 Rc8 22. f4 c5 23. f5 cxd4 24. Qd3
Qc6 25. Bf2 Qc2 $10 {Dolmatov,S-Yusupov,A/Wijk cm3/1991}) 13. Qxd2 O-O 14. Rad1
Na5 15. Bc2 Bf5 16. Nd4 Bg6 17. Bxg6 fxg6 18. e6 Qd6 19. Bg5 c5 20. Nf3 Nc6 21.
h4 Rf5 22. Bxe7 Qxe7 $13 {Kotronias,V-Stefansson,H/Reykjavik/1992}) 12. Bc2 Bg4
13. Re1 (13. Qb1 Bh5 14. b4 (14. a4 b4 15. Bxc5 Bxc5 16. Nb3 Bxf3 17. gxf3 Nxe5
18. Qd1 (18. Re1 Bd6 19. Bf5 Qe7 20. f4 Nf3+ $19) 18... Be7 19. Re1 Ng6 20. Nc5
Qc6 21. cxb4 O-O $15 {Gofshtein,L-Hracek,Z/Prague/1993}) 14... Ne6 15. a4 Rd8
16. axb5 axb5 17. Bf5 Bg6 18. Nb3 Bxf5 19. Qxf5 O-O $10 {Wolff,P-Torre,E/San
Francisco/1991}) 13... Ne6 14. Qb1 Bh5 15. Bf5 Bg6 16. Nf1 Bxf5 17. Qxf5 O-O
18. Rad1 Rad8 19. Ng3 $14 Rfe8 20. Qc2 Nf8 (20... Bc5 $142) 21. Nf5 Ng6 22. Bd4
Bf8 23. Ng5 Nce7 $6 24. Nxg7 $5 Bxg7 25. e6 fxe6 26. Bxg7 Kxg7 27. Nxe6+ Kg8
28. Nxd8 Rxd8 29. g3 $36 Rf8 30. Qe2 Rf6 31. Rd3 c5 32. h4 Kf7 33. h5 Nf8 34.
Rf3 Qd6 35. Kg2 Nd7 36. Re3 Nf5 37. Re8 d4 38. Qg4 Nf8 39. cxd4 cxd4 40. Qe4 d3
41. Re5 d2 42. Rd1 Ne7 43. Rxd2 $1 Qxd2 44. Rxe7+ Kg8 45. Qg4+ Ng6 46. Re2 Qd5+
47. f3 Qd1 48. Rf2 Kf7 49. hxg6+ hxg6 50. Qh4 $16 Rf5 51. Qh7+ Kf6 52. Qh8+ Kf7
53. g4 Rc5 54. Qh7+ Kf6 55. Qh4+ Kf7 56. Qh1 Qxh1+ 57. Kxh1 b4 58. Kg2 b3 59.
a3 g5 60. Re2 Kf6 61. Kf2 a5 62. Ke1 a4 63. Kd2 Rc8 64. Kd3 Rc7 65. Re4 Rc2 66.
Rxa4 Rxb2 67. Ra6+ Ke5 68. Ra5+ Kf4 69. Rf5+ Kg3 70. Kc3 Rb1 71. a4 Kg2 72. a5
Kg3 73. Rf6 Kf2 74. a6 Ke3 75. a7 Ra1 76. Rf7 Ra6 77. Kxb3 Kd4 78. Kb4 Ra1 79.
Kb5 Kd5 80. Rf5+ 1-0

[Event "Sao Paulo zt"]
[Site "Sao Paulo"]
[Date "1993.??.??"]
[Round "2"]
[White "Granda Zuniga, Julio E"]
[Black "Valiente, Cristobal"]
[Result "1-0"]
[WhiteElo "2590"]
[BlackElo "2340"]
[Annotator "Wedberg,T"]
[PlyCount "77"]
[EventDate "1993.??.??"]
[EventType "swiss"]
[EventRounds "9"]
[EventCountry "BRA"]
[SourceTitle "CBM 036"]
[Source "ChessBase"]
[SourceDate "1993.10.01"]
[SourceVersion "1"]
[SourceVersionDate "1993.10.01"]
[SourceQuality "1"]

1. e4 e5 2. Nf3 Nc6 3. Bb5 a6 4. Ba4 Nf6 5. O-O Nxe4 6. d4 b5 7. Bb3 d5 8. dxe5
Be6 9. Nbd2 Be7 10. c3 Nc5 11. Qe2 $6 (11. Bc2 Qd7 (11... d4 $6 12. Ne4 dxc3
13. Nxc5 Bxc5 14. Be4 Qd7 15. Qc2 Bd5 16. bxc3 Rd8 17. Bg5 {+/-
Capablanca-Chajes, New York 1927}) 12. Nb3 {+/= Kortchnoi}) 11... Bg4 $146 (
11... d4 $1 12. cxd4 (12. Bxe6 fxe6 13. Nb3 d3 14. Qe3 Nxb3 15. axb3 Qd5 $15)
12... Nxd4 13. Nxd4 Qxd4 14. Bxe6 fxe6 {-/+ Thomas-Tarrasch, London (ol) 1927})
12. Bc2 O-O (12... d4 13. Be4 $1 $16) 13. Qe3 Ne6 $6 (13... Re8 14. Re1 (14.
Nd4 $2 Nxe5 $1 15. Qxe5 Bd6 16. Qxd5 Bxh2+ 17. Kxh2 Qxd5 $19) 14... Qd7 15. Nb3
$13) 14. Nd4 $14 Ncxd4 15. cxd4 c5 16. dxc5 Bxc5 17. Qd3 $1 g6 18. Qg3 Nd4 $2 (
18... Be2 19. Re1 Nd4 20. Bb1 b4 21. Nb3 $14) 19. Qxg4 Nxc2 20. Nb3 $1 $16 Qc8
(20... Nxa1 21. Nxc5 Ra7 22. Bh6 Nc2 23. Rc1 $18) 21. Qh4 f6 (21... Re8 22.
Nxc5 Qxc5 23. Bh6 $18) 22. Rb1 fxe5 23. Bh6 Nd4 24. Bxf8 Qxf8 25. Nxc5 Qxc5 26.
Qf6 e4 27. Rbd1 Ne2+ 28. Kh1 Re8 29. Rd2 Nc1 30. Re1 Nxa2 31. Qd4 Qxd4 32. Rxd4
Rc8 33. Rxd5 Nb4 34. Rd2 a5 35. g3 Re8 36. Rd4 Rf8 37. Re2 Nd3 38. Kg2 Nc5 39.
Rc2 1-0

[Event "Veterans-Women"]
[Site "Monte Carlo"]
[Date "1994.??.??"]
[Round "9"]
[White "Ioseliani, Nana"]
[Black "Hort, Vlastimil"]
[Result "0-1"]
[WhiteElo "2435"]
[BlackElo "2535"]
[Annotator "Wedberg,T"]
[PlyCount "78"]
[EventDate "1994.06.??"]
[EventType "schev"]
[EventRounds "6"]
[EventCountry "MNC"]
[SourceTitle "CBM 042"]
[Source "ChessBase"]
[SourceDate "1994.10.01"]
[SourceVersion "1"]
[SourceVersionDate "1994.10.01"]
[SourceQuality "1"]

1. e4 e5 2. Nf3 Nc6 3. Bb5 a6 4. Ba4 Nf6 5. O-O b5 6. Bb3 Nxe4 7. d4 d5 8. dxe5
Be6 9. Nbd2 Nc5 10. c3 Be7 11. Bc2 Bg4 12. h3 (12. Re1 O-O (12... Qd7 13. Nf1
Rd8 14. Ne3 Bh5 15. b4 (15. Nf5 O-O 16. h3 Ne6 17. Be3 Rfe8 18. g4 Bg6 19. a4
Bc5 $13 {Brodskij,M-Marin/Bucuresti/1994/1/4-1/4/33}) 15... Ne6 16. g4 Bg6 17.
Nf5 O-O 18. a4 d4 19. axb5 axb5 20. Be4 Rfe8 21. Qd3 Nb8 22. Bd2 c5 23. cxd4
Nxd4 24. N3xd4 Bxf5 25. Nxf5 Qxd3 26. Bxd3 Rxd3 27. Nxe7+ Rxe7 28. Ra8 Re8 29.
Bf4 $14 {Haba-Marin/Budapest (zt)/1993}) 13. Nb3 Ne4 $5 14. Bf4 Re8 $5 (14...
Bf5 $2 15. Nfd4 Nxd4 16. Nxd4 Bg6 17. Nc6 Qd7 18. Qxd5 $16) (14... f5 15. exf6
Nxf6 16. Qd3 $16 {Aljechin,A-Nimzowitsch,A/St.Petersburg/1914}) 15. Bxe4 dxe4
16. Rxe4 Qxd1+ 17. Rxd1 Bxf3 18. gxf3 Rad8 $13 {Kuczynski-Marin/Budapest (zt)/
1993/1/2-1/2/51}) 12... Bh5 13. g4 (13. Re1 O-O 14. Nb3 Ne4 15. Bf4 (15. Bxe4
dxe4 16. Qxd8 Raxd8 17. Nfd4 Nxe5 18. Rxe4 Bd6 19. f4 Nc4 20. g4 c5 21. gxh5
cxd4 22. Rxd4 Bc7 $44) 15... Bg6 $10) (13. Qe1 Ne6 14. Nh2 Bg6 15. Bxg6 fxg6
16. Nb3 g5 $13 {Aljechin,A-Rubinstein,A/Vilnius/1912}) 13... Bg6 14. Nb3 Qd7
15. Nbd4 Bxc2 16. Qxc2 Nxd4 17. Nxd4 h5 $5 18. f3 Ne6 19. Kg2 c5 20. Nxe6 Qxe6
21. Bf4 Rd8 22. Rfd1 Rd7 23. a4 O-O 24. axb5 axb5 25. Ra5 (25. Qf5 $32) 25...
Rb8 26. Qe2 c4 27. gxh5 b4 28. Kh2 Bd8 29. Ra2 Bc7 30. h6 g6 $15 31. Re1 $2 d4
$17 32. cxb4 Rxb4 33. Ra8+ Kh7 34. Bg5 d3 35. Qd2 Bxe5+ 36. f4 Rxb2 37. fxe5
Rxd2+ 38. Bxd2 c3 39. Bg5 d2 0-1

[Event "Hoogovens op"]
[Site "Wijk aan Zee"]
[Date "1995.01.??"]
[Round "10"]
[White "Almasi, Zoltan"]
[Black "Sokolov, Ivan"]
[Result "0-1"]
[WhiteElo "2590"]
[BlackElo "2645"]
[Annotator "Wedberg,T"]
[PlyCount "52"]
[EventDate "1995.01.??"]
[EventType "swiss"]
[EventRounds "12"]
[EventCountry "NED"]
[SourceTitle "CBM 046"]
[Source "ChessBase"]
[SourceDate "1995.06.01"]
[SourceVersion "1"]
[SourceVersionDate "1995.06.01"]
[SourceQuality "1"]

1. e4 {Ernst Ftacnik} e5 2. Nf3 Nc6 3. Bb5 a6 4. Ba4 Nf6 5. O-O Nxe4 6. d4 b5
7. Bb3 d5 8. dxe5 Be6 9. Be3 Be7 10. c3 O-O 11. Nbd2 Qd7 12. Bc2 (12. Nxe4 dxe4
13. Qxd7 Bxd7 14. e6 Bxe6 15. Bxe6 fxe6 16. Nd2 Ne5 17. Nxe4 Nd3 $10 {Ravi,
T-Dridi,A/Moscow (ol)/1994}) (12. Re1 Kh8 13. Nxe4 (13. Qe2 f5 14. exf6 Nxf6
15. Bg5 Bg8 $15 {Stisis,Y-Mikhalevski,A/ISR-ch/1992}) (13. Bc2 f5 14. exf6 Nxf6
15. Nb3 Bg4 16. Bc5 Bd6 $13 {Sanchez Aleyra,J-Mikhalevski,A/Biel/1992}) 13...
dxe4 14. Qxd7 Bxd7 15. Red1 Rad8 16. Ng5 Nxe5 17. Nxe4 Bc8 $10 {Gurevich,
G-Mikhalevski,A/ISR-ch/1992}) 12... f5 13. exf6 Nxf6 14. Qb1 Kh8 15. Ng5 Ng4 $1
$146 (15... Bg8 16. Bf5 Qd6 (16... Qd8 {Ernst} 17. Ndf3 Bd6 18. Qc2 Qe7 19.
Rfe1 $14 {Sax,G-Rodriguez,R/Moskva/1981} (19. Nh4 $5)) (16... Qe8 17. Ndf3 Bd6
18. Re1 Ne7 19. Be6 $16 {Sherzer,A-Mikhalevski,V/Mamia/1991}) 17. Nb3 g6 18.
Bh3 Nh5 19. Nd4 Nf4 20. Bxf4 Rxf4 21. Nge6 Rh4 $10 {Sziebert,A-Karsa,L/Hun-ch/
1993}) 16. Ngf3 (16. Nxh7 Qd6 (16... Rf5 $1 {Ftacnik} 17. h3 Nxe3 18. fxe3 g6
$17) (16... Rf5 $5) 17. g3 Nxe3 (17... Rg8 {Ernst} 18. Bf4 Qd8 19. h4 $13) 18.
fxe3 Rxf1+ 19. Nxf1 Ne5 {פh7}) 16... Qd6 $17 17. Re1 Rxf3 $5 18. Nxf3 Nce5 19.
Nd2 (19. Nxe5 Qxe5 20. g3 (20. h3 {Ftacnik} Qh2+ 21. Kf1 Rf8) (20. f4 Qh5 21.
h3 Nxe3 22. Rxe3 Bc5 23. Qe1 Bxh3 $17) 20... Qh5 21. h4 Bxh4 (21... g5 22. Bxg5
Bxg5 23. Rxe6 Bxh4 (23... Nxf2 24. Kxf2 $1 $18 (24. Qe1 $5 $40)) 24. Bg6 $1
hxg6 (24... Qg5 25. f4 $5) (24... Qh6 25. Bf5) 25. Qxg6 Qxg6 26. Rxg6 Ne5 27.
Re6 $18) 22. gxh4 Qxh4 23. Bf5 (23. Kf1 Rf8 24. Ke2 Rxf2+ $1 25. Bxf2 Qxf2+ 26.
Kd1 Ne3+ 27. Rxe3 Bg4+ $19) 23... Rf8 $19 (23... Rf8 {Ernst} 24. Bd4 $1 Qh2+
25. Kf1 Bxf5 (25... Qh3+ 26. Kg1 Qh2+ $10) 26. Qxf5 Qh1+ 27. Ke2 Qxe1+ 28. Rxe1
Rxf5 29. Kf1 h5 $1 (29... Kg8 30. Re7 Rf7 31. Re8+ Rf8 32. Re7 $10) 30. Re7 Rg5
$15)) 19... Nc4 20. Nf1 Rf8 21. Bd1 (21. g3 {Ftacnik} Ncxe3 22. fxe3 Qe5 $15) (
21. h3 {Ernst} Ncxe3 22. fxe3 Nf2 $44 (22... Rxf1+ $2 23. Kxf1 Qg3 24. hxg4 Bh4
25. Kg1 $16) (22... Bh4 $44)) 21... Ncxe3 22. fxe3 (22. Rxe3 {Ftacnik} Nxe3 23.
Nxe3 c5 $17) 22... Rxf1+ $1 23. Kxf1 Qxh2 24. Bf3 Ne5 25. Qd1 (25. Ke2 {Ftacnik
} Nxf3 26. Kxf3 Bh4 27. Rf1 Bg4+ $3 28. Kxg4 Qg3+ 29. Kf5 g6+ 30. Ke6 Qd6+ 31.
Kf7 Qe7#) 25... Bh4 26. Rc1 (26. a3 {Ftacnik} d4 27. cxd4 Bc4+ 28. Be2 Qh1#)
26... Bg4 (26... Bg4 27. Bxg4 Qh1+ 28. Ke2 Qxg2#) 0-1

[Event "Buenos Aires Najdorf"]
[Site "Buenos Aires"]
[Date "1996.??.??"]
[Round "5"]
[White "Ricardi, Pablo"]
[Black "Sorin, Ariel"]
[Result "0-1"]
[WhiteElo "2555"]
[BlackElo "2505"]
[Annotator "Wedberg,T"]
[PlyCount "70"]
[EventDate "1996.04.??"]
[EventType "tourn"]
[EventRounds "9"]
[EventCountry "ARG"]
[EventCategory "13"]
[SourceTitle "CBM 053"]
[Source "ChessBase"]
[SourceDate "1996.08.01"]
[SourceVersion "1"]
[SourceVersionDate "1996.08.01"]
[SourceQuality "1"]

1. e4 e5 2. Nf3 Nc6 3. Bb5 a6 4. Ba4 Nf6 5. O-O Nxe4 6. d4 b5 7. Bb3 d5 8. dxe5
Be6 9. c3 Be7 10. Nbd2 O-O 11. Bc2 f5 12. Nb3 Qd7 13. Nfd4 (13. Re1 a5 14. Bd3
Rab8 15. Qe2 a4 16. Nbd4 Nxd4 17. Nxd4 c6 18. f3 Nc5 19. Bc2 b4 20. Bd2 b3 $13
{Akopian,V-Krasenkov,M/Vilnius 1988/1/2-1/2 (99)}) 13... Nxd4 14. Nxd4 c5 15.
Nxe6 Qxe6 16. f3 Ng5 17. a4 g6 (17... Rad8 18. axb5 axb5 19. Kh1 Rd7 20. Qe2
Qc6 21. Bxg5 Bxg5 22. f4 Be7 23. Qf3 c4 24. h3 Bc5 25. Rfd1 $14 {1/2-1/2 Haba,
P-Unzicker,W/BL 9091 (1990) ;BL 1991 (38)}) (17... Qc6 18. axb5 axb5 19. Rxa8
Qxa8 20. Bxg5 Bxg5 21. f4 Be7 22. g4 fxg4 23. Qxg4 $40 {1-0 Martin Gonzalez,
A-Bevia,L/Benidorm op ;TD 89\06 1989 (29)}) 18. Kh1 (18. Qe2 b4 (18... c4) 19.
cxb4 c4 $14 {Kortchnoi/ECO}) 18... Qc6 (18... Kh8 19. Bxg5 Bxg5 20. f4 Be7 21.
Qf3 Rfd8 22. h3 b4 23. g4 $14 {Spangenberg,H-Sorin,A/Buenos Aires Najdorf (07)
;CBM 53_05 1996/1-0 (63)}) 19. Bxg5 Bxg5 20. f4 Be7 21. Qf3 Kh8 22. h3 Rad8 23.
Rfd1 Rd7 24. axb5 axb5 25. c4 $5 Rfd8 26. Ra5 (26. cxb5 Qb6 $13) 26... Qc7 $2 (
26... bxc4 $1 27. Ba4 Qb6 28. Bxd7 Qxa5 29. Qxd5 c3 30. bxc3 Qxc3 $13) 27. Rxb5
dxc4 28. Rxd7 Rxd7 29. e6 $1 Rd4 30. Rb7 Qd6 31. Rd7 $4 (31. Qe3 $16 {/\Rd7})
31... Qxe6 32. Qa8+ Kg7 33. Ra7 Rxf4 34. Ra1 Rf2 35. Qa4 Qe2 0-1

[Event "Interzonal-16"]
[Site "Biel"]
[Date "1993.??.??"]
[Round "7"]
[White "Georgiev, Kiril"]
[Black "Piket, Jeroen"]
[Result "1/2-1/2"]
[WhiteElo "2660"]
[BlackElo "2590"]
[Annotator "Wolff,P"]
[PlyCount "85"]
[EventDate "1993.07.16"]
[EventType "swiss"]
[EventRounds "13"]
[EventCountry "SUI"]
[SourceTitle "CBM 037"]
[Source "ChessBase"]
[SourceDate "1993.12.01"]
[SourceVersion "1"]
[SourceVersionDate "1993.12.01"]
[SourceQuality "1"]

1. e4 {Ernst} e5 2. Nf3 Nc6 3. Bb5 a6 4. Ba4 Nf6 5. O-O Nxe4 6. d4 Be7 7. Re1
b5 (7... f5 {Ernst} 8. dxe5 O-O 9. Be3 Qe8 10. c3 Qg6 11. Nbd2 $16 {
Glek-Krasenkov/Moscowch/1989/}) 8. Bb3 $6 (8. Rxe4 d5 9. Nxe5 Nxe5 10. Rxe5 (
10. Bxb5+ $5 axb5 11. Rxe5 O-O 12. Nc3 c6 13. Re1 $14 {Parma, in ECO}) 10...
bxa4 11. Nc3 O-O 12. Rxd5 Bd6 13. Bg5 Qe8 {This is "all the rage" in this rare
line, and no doubt Piket had some ideas to justify Black's pawn sacrifice.})
8... d5 9. dxe5 Be6 10. c3 O-O {Black has cleverly transposed into the Open
Ruy where the R is misplaced on e1. Because of this, Black has fairly easy
equality, and in fact by trying to play "normally", White is soon much worse.}
11. Nbd2 $6 (11. Nd4 Nxe5 12. f3 Bd6 13. fxe4 Bg4 {Complicated and reputed to
be good for Black.}) (11. Bc2 $5) 11... Nc5 12. Bc2 $6 (12. Nd4 Nxd4 13. cxd4
Nd3 14. Re3 Nf4 15. Bc2 c5 $15 {ECO}) 12... d4 $1 $17 {This has been known to
be good for Black since Lasker-Tarrasch, St.Petersburg, 1914, and probably
even before!!} 13. cxd4 Nxd4 14. Nxd4 Qxd4 15. Qe2 (15. Nb3 {Ernst} Nxb3 16.
axb3 Qxd1 17. Rxd1 c5 $17 {Lasker-Tarrasch/Petersburg/1914/}) 15... Rad8 16.
Nf3 Qc4 17. Be3 $146 (17. Qxc4 Bxc4 18. Be3 Ne6 19. Be4 Bd5 20. Bxd5 Rxd5 $17 {
H.Johner-Euwe, Zurich,1934}) 17... Qxe2 18. Rxe2 Bc4 (18... Nd3 19. Nd4 $1) 19.
Rd2 Ne6 20. Bb3 $1 Bxb3 21. axb3 Bb4 22. Rxd8 Rxd8 23. Kf1 Rd3 24. Rxa6 h6 25.
Rc6 Kf8 26. Rc2 Rxb3 27. Ke2 c5 28. Nd2 Bxd2 29. Kxd2 Ke7 30. Kc1 (30. Bxc5+ {
Ernst} Nxc5 31. Rxc5 Rxb2+ 32. Ke3 $15) 30... c4 31. Rd2 c3 32. bxc3 Rxc3+ 33.
Kb2 Rc4 34. Rd6 f5 35. g3 g5 36. Rb6 f4 37. Rb7+ Ke8 38. gxf4 gxf4 39. Bd2 Re4
40. Rxb5 Re2 41. Kc3 Rxf2 42. h4 Rh2 43. Rb6 {Tough defense by Kiril Georgiev!}
1/2-1/2